[Event "UKR-ch Men Final 2018"]
[Site "Kiev"]
[Date "2018.12.19"]
[Round "8"]
[White "Baklan, Vladimir"]
[Black "Bernadskiy, Vitaliy"]
[Result "1/2-1/2"]
[WhiteElo "2608"]
[BlackElo "2547"]
[Annotator "TA"]
[PlyCount "45"]
[EventDate "2018.12.11"]
[EventType "tourn"]
[EventCountry "UKR"]
[SourceTitle "playchess.com"]
[Source "ChessBase"]
[SourceQuality "1"]

{[%evp 14,45,37,14,0,0,5,0,0,1,22,0,16,16,11,-28,-14,-20,-21,-22,-33,-28,-19,-19,-8,-21,-4,-13,-19,-10,28,20,21,14]} 1. e4 c6 2. d4 d5 3. e5 Bf5 4. Be2 e6 5. Nf3 Nd7 6. O-O h6 7. c3 Ne7 8. Na3 {LiveBook: 62 Games} Be4 {B12: Caro-Kann: Advance Variation} (8... Qc7 9. b3 g5 10. c4 a6 11. Nc2 dxc4 12. bxc4 O-O-O 13. Bb2 Bg7 14. Qc1 c5 15. d5 exd5 16. cxd5 Nxd5 {½-½ (51) Sevian,S (2624)-Le,Q (2728) Philadelphia 2018}) 9. Re1 $146 ({Predecessor:} 9. Nc2 c5 10. dxc5 Nxc5 11. Be3 Nc6 12. Ncd4 Be7 13. b4 Nd7 14. Nd2 Bg6 15. f4 Nxd4 16. Bxd4 {½-½ (31) Hesse,O (2410)-Kurtenkov,A (2427) ICCF email 2016}) 9... c5 10. dxc5 Nxc5 11. Nd4 Nc6 12. Bb5 Qc7 13. b4 Nd7 14. Nc4 Bg6 15. Ne3 Be7 16. f4 {[#] Hoping for f5.} Be4 17. a3 a6 18. Bf1 Nxd4 19. Qxd4 Qb6 20. Qxb6 Nxb6 21. c4 dxc4 22. Nxc4 Nxc4 23. Rxe4 {Accuracy: White = 85%, Black = 74%.} 1/2-1/2

[Event "UKR-ch Men Final 2018"]
[Site "Kiev"]
[Date "2018.12.19"]
[Round "8"]
[White "Bogdanovich, Stanislav"]
[Black "Kravtsiv, Martyn"]
[Result "1-0"]
[WhiteElo "2537"]
[BlackElo "2644"]
[Annotator "TA"]
[PlyCount "59"]
[EventDate "2018.12.11"]
[EventType "tourn"]
[EventCountry "UKR"]
[SourceTitle "playchess.com"]
[Source "ChessBase"]
[SourceQuality "1"]

{[%evp 20,59,0,0,0,0,0,-3,7,-12,45,15,39,30,66,75,72,62,73,29,77,63,257,263,249,241,294,144,516,483,936,935,900,883,29985,29986,29985,29985,29994,-34,29995,29996]} 1. Nf3 d5 2. g3 Nf6 3. Bg2 e6 4. O-O c5 5. c4 d4 6. e3 Nc6 {A13: English Opening: 1...e6} 7. d3 Bd6 8. Na3 O-O 9. exd4 cxd4 10. Nc2 e5 {[#]} 11. b4 $1 {[%cal Bb2b4,Bb4b5][%mdl 544] LiveBook: 25 Games} Re8 (11... Nxb4 12. Nxb4) 12. Re1 Bg4 13. c5 Bc7 {[#]} 14. h3 $146 ({Predecessor:} 14. b5 Na5 {1-0 (31) Gupta,A (2625)-Georgiadis,N (2468) Reykjavik 2015}) 14... Bh5 (14... Bd7 $11) 15. b5 $14 Na5 16. Nb4 e4 17. dxe4 Nxe4 18. Bb2 ({But not} 18. Qxd4 $6 Bxf3 19. Qxd8 Raxd8 $11) 18... Nxc5 19. Rxe8+ Qxe8 20. Nd5 ({Reject} 20. Bxd4 Rd8 $15) 20... Bd8 $2 ({Better is} 20... Bxf3 $1 $14 21. Bxf3 Be5) 21. Qxd4 $18 {[%csl Gb2][%cal Rd4g7]} Ne6 {[#]} 22. Re1 $1 {[%cal Re1e6] Threatens to win with Rxe6!} f6 23. Qe4 $40 {[%mdl 128] White goes for the king.} (23. Qb4 $18 {is more deadly.}) 23... Qxb5 $2 {[%mdl 8192]} (23... Bf7 $16) 24. Bxf6 Nc5 (24... Qe8 $142 25. Ne7+ Bxe7) 25. Ne7+ Bxe7 26. Qxe7 {[%csl Gf6][%cal Re7g7]} gxf6 {[#]} 27. Ng5 $1 {[%mdl 512]} Qd7 {[#]} (27... fxg5 28. Bd5+) 28. Bd5+ $1 {[%mdl 512]} Kh8 (28... Qxd5 29. Qxh7+) 29. Qxf6+ Qg7 {[#]} 30. Re7 $1 {[%mdl 512] Precision: White = 83%, Black = 34%.} 1-0

[Event "UKR-ch Men Final 2018"]
[Site "Kiev"]
[Date "2018.12.20"]
[Round "9"]
[White "Korobov, Anton"]
[Black "Moiseenko, Alexander"]
[Result "1/2-1/2"]
[WhiteElo "2698"]
[BlackElo "2640"]
[Annotator "TA"]
[PlyCount "36"]
[EventDate "2018.12.11"]
[EventType "tourn"]
[EventCountry "UKR"]
[SourceTitle "playchess.com"]
[Source "ChessBase"]
[SourceQuality "1"]

{[%evp 21,36,36,45,33,35,27,27,27,37,27,31,31,25,27,34,23,104]} 1. d4 Nf6 2. c4 e6 3. Nf3 Bb4+ 4. Bd2 c5 5. Bxb4 cxb4 6. g3 O-O 7. Bg2 d6 8. O-O Nc6 9. a3 Re8 10. axb4 Nxb4 11. Nc3 {E11: Bogo-Indian} Bd7 {LiveBook: 43 Games} 12. Nd2 (12. Qb3 a5 13. Ne1 Bc6 14. Nd3 Bxg2 15. Kxg2 Nxd3 16. exd3 b6 17. Nb5 Qd7 18. Qa3 Qc6+ 19. f3 Red8 20. Rfe1 h6 {½-½ (51) Vidit,S (2715)-Moiseenko,A (2667) Riadh 2017}) 12... Bc6 $146 ({Predecessor:} 12... Qb6 13. Qb3 a5 14. e3 Qc7 15. Rfc1 Rac8 16. Na2 Nxa2 17. Qxa2 b6 18. b4 axb4 {½-½ (61) Ikonnikov,V (2553)-Poetz,F (2416) Graz 2011}) 13. Bxc6 {White is slightly better.} Nxc6 14. e3 h6 15. Qb3 Qe7 16. Nde4 Nxe4 17. Nxe4 a5 18. Qb5 f5 (18... Qc7 $11 {remains equal.}) 1/2-1/2

[Event "UKR-ch Men Final 2018"]
[Site "Kiev"]
[Date "2018.12.20"]
[Round "9"]
[White "Ponomariov, Ruslan"]
[Black "Kuzubov, Yuriy"]
[Result "1/2-1/2"]
[WhiteElo "2663"]
[BlackElo "2655"]
[Annotator "TA"]
[PlyCount "37"]
[EventDate "2018.12.11"]
[EventType "tourn"]
[EventCountry "UKR"]
[SourceTitle "playchess.com"]
[Source "ChessBase"]
[SourceQuality "1"]

{[%evp 20,37,27,19,25,26,35,35,25,20,34,26,17,20,31,11,14,20,27,32]} 1. d4 Nf6 2. c4 e6 3. Nf3 d5 4. g3 dxc4 5. Bg2 Bb4+ 6. Bd2 c5 {E04: Open Catalan: 5 Nf3} 7. a3 Bxd2+ 8. Nbxd2 cxd4 9. Nxc4 Nc6 10. O-O O-O 11. Rc1 {LiveBook: 10 Games} d3 $146 ({Predecessor:} 11... Re8 12. b4 a6 13. Nfe5 Nxe5 14. Nxe5 {½-½ (78) Tomashevsky,E (2740)-Melkumyan,H (2620) Moscow 2012}) 12. e3 b6 13. Ne1 Bb7 14. Nxd3 Rc8 15. Nb4 Nxb4 16. Bxb7 Rc7 17. axb4 {[#] And now Bf3 would win.} Rxb7 18. Ne5 Qd5 19. Nc6 1/2-1/2

[Event "UKR-ch Men Final 2018"]
[Site "Kiev"]
[Date "2018.12.20"]
[Round "9"]
[White "Kravtsiv, Martyn"]
[Black "Golubka, Petro"]
[Result "1-0"]
[WhiteElo "2644"]
[BlackElo "2464"]
[Annotator "TA"]
[PlyCount "155"]
[EventDate "2018.12.11"]
[EventType "tourn"]
[EventCountry "UKR"]
[SourceTitle "playchess.com"]
[Source "ChessBase"]
[SourceQuality "1"]

{[%evp 22,155,51,26,35,35,33,17,21,14,71,84,76,58,64,69,54,52,58,56,57,51,65,40,70,48,85,67,86,79,105,76,79,62,108,112,112,114,108,104,104,104,106,95,95,95,95,95,97,94,93,89,144,112,126,122,119,120,116,101,124,117,170,154,172,172,177,170,233,240,213,171,164,143,373,323,414,410,457,455,465,439,397,374,458,458,458,447,456,419,350,341,341,341,443,424,397,433,462,462,433,408,392,355,343,277,617,606,584,584,584,580,576,576,29948,29942,29940,29940,11666,810,12806,7433,5436,1093,29957,29959,5603,9602,29965,29966,29966,29967,29969,29968,29965,29961]} 1. d4 d5 2. c4 c6 3. Nf3 Nf6 4. Nc3 e6 5. Bg5 Nbd7 6. e3 Be7 7. Rc1 O-O 8. Be2 Re8 9. O-O dxc4 10. Bxc4 Nd5 11. Bxe7 Qxe7 12. Ne4 b6 $146 {D66: Queen's Gambit Declined: Classical: Main Line (7 Rc1 c6 8 Bd3)} ({Predecessor:} 12... N5f6 13. Ng3 b6 14. e4 Rd8 15. Qc2 Bb7 16. e5 Ne8 17. Bd3 h6 18. Be4 Rac8 19. Qa4 a6 20. Rc3 {½-½ (58) Almeida Quintana,O (2426)-Otero Acosta,D (2416) Havana 2001}) 13. Ne5 Bb7 $1 14. Bb3 Rac8 {The position is equal.} 15. Nc4 {aiming for Ned6.} Rc7 (15... Rb8 $1 $11 {keeps the balance.}) 16. Ncd6 $16 Rb8 17. Nxb7 Rbxb7 18. Qf3 N7f6 19. Ng3 Qd8 20. Rfd1 Ne7 21. h4 Rd7 22. e4 {[%cal Be3e4,Be4e5][%mdl 32]} Rb8 ({Don't go for} 22... Rxd4 $2 23. Rxd4 Qxd4 24. Rd1 $18) 23. e5 Ne8 24. Qg4 Rc8 25. h5 Nd5 26. Ne4 Qe7 27. Rd3 f5 28. exf6 $1 Nexf6 29. Nxf6+ Qxf6 {[#]} 30. Re3 $1 {[%mdl 512]} Rd6 {[#]} (30... Nxe3 31. Bxe6+) 31. Rxe6 $1 {[%mdl 576] Remove Defender} Qxe6 (31... Rxe6 32. Bxd5) 32. Qxe6+ Rxe6 33. Bxd5 $1 {[%mdl 4160] Endgame Pin. KRR-KRB} Kf7 34. Kf1 Kf6 {Hoping for ...Rd6.} 35. Bxe6 Kxe6 {KR-KR} 36. Re1+ Kd6 ({Black should try} 36... Kf6) 37. Re4 c5 38. Ke2 cxd4 39. Rxd4+ Ke6 40. Kd2 Rc5 41. g4 Ke7 (41... g6 $16 {was worth a try.}) 42. Ra4 $18 a5 43. f4 g6 44. Re4+ Kf7 (44... Kd7 {keeps fighting.} 45. hxg6 hxg6) 45. hxg6+ hxg6 46. Kd3 Rc1 47. Re5 Rf1 $2 (47... Ra1 $16) 48. Ke4 $1 Re1+ 49. Kf3 $1 Rc1 50. Rb5 Rc6 51. Ke4 Ke6 52. Re5+ Kf6 53. Kd5 Rc5+ 54. Kd4 Rc6 55. g5+ Kf7 56. f5 Rc2 57. fxg6+ Kg7 {[#]} 58. Rb5 $1 {[%cal Rb5b6]} Rc6 59. a3 Rd6+ 60. Rd5 Rc6 61. Rf5 Rc2 62. Rf7+ Kg8 63. b3 a4 $2 (63... Rd2+ 64. Kc4 Rc2+ 65. Kb5 Rc3) 64. bxa4 Rc5 65. Rf6 Ra5 66. Kc4 Rxa4+ 67. Kb3 Ra6 68. Kb4 Kg7 69. Rc6 Kg8 70. Rc7 (70. Rd6 $142 Kg7 71. a4) 70... Kf8 71. Rb7 Kg8 72. g7 (72. a4 $142 Kh8 73. g7+ Kh7 {[#]} 74. g6+ $1 {[%mdl 512]} Kg8 75. Kb3) 72... Kh7 {[#]} 73. g6+ $1 Kg8 (73... Kxg6 74. g8=Q+) 74. a4 {[%cal Ba3a4,Ba4b5][%mdl 32]} b5 75. Rb8+ {White mates.} Kxg7 76. axb5 Rxg6 77. Re8 Kf7 78. Re4 {Accuracy: White = 88%, Black = 39%.} 1-0

[Event "UKR-ch Men Final 2018"]
[Site "Kiev"]
[Date "2018.12.20"]
[Round "9"]
[White "Bernadskiy, Vitaliy"]
[Black "Bogdanovich, Stanislav"]
[Result "1-0"]
[WhiteElo "2547"]
[BlackElo "2537"]
[Annotator "TA"]
[PlyCount "47"]
[EventDate "2018.12.11"]
[EventType "tourn"]
[EventCountry "UKR"]
[SourceTitle "playchess.com"]
[Source "ChessBase"]
[SourceQuality "1"]

{[%evp 27,47,16,13,13,13,1,24,18,12,12,36,33,62,70,88,86,83,39,85,80,447,448]} 1. e4 e5 2. Nf3 Nc6 3. Nc3 Nf6 4. d4 exd4 5. Nxd4 Bb4 6. Nxc6 bxc6 7. Bd3 d5 8. exd5 O-O 9. O-O cxd5 10. h3 {C47: Scotch Four Knights and Four Knights with 4 g3} c6 11. Qf3 Rb8 (11... Bd6 12. Bf4 Be6 13. Rfe1 Bxf4 14. Qxf4 Qb8 15. Qxb8 Raxb8 16. Na4 Nd7 17. b3 c5 {½-½ (35) Nakamura,H (2777)-So,W (2780) Saint Louis 2018}) 12. Bf4 Bd6 13. b3 Rb4 14. Ne2 Bxf4 {LiveBook: 15 Games} 15. Nxf4 Qd6 16. c4 a5 17. Rfd1 {[%cal Bf1d1,Bd1d2,Bd2d3][%mdl 32]} Be6 $146 ({Predecessor:} 17... a4) 18. Bc2 Rfb8 19. Rd2 a4 20. Rad1 axb3 21. Bxb3 Kf8 22. cxd5 cxd5 23. Nxd5 Ne4 $2 {[%mdl 8192] [#]} (23... Rxb3 $16 {is tougher.} 24. axb3 (24. Nxf6 $2 Rxf3 25. Nxh7+ Kg8 $17) 24... Nxd5) 24. Rd3 1-0